[Event "Pardubice Region-chT 2223"]
[Site "Czech Republic"]
[Date "2022.12.11"]
[Round "5.8"]
[White "Kvapil, Paul"]
[Black "Klabenes, Petr"]
[Result "0-1"]
[WhiteElo "1523"]
[BlackElo "1708"]
[PlyCount "76"]
[EventDate "2022.10.09"]
[EventType "team-tourn"]
[EventRounds "11"]
[EventCountry "CZE"]
[SourceTitle "EXT 2024"]
[Source "ChessBase"]
[SourceDate "2023.10.10"]
[SourceVersion "1"]
[SourceVersionDate "2023.10.10"]
[SourceQuality "1"]

1. e4 c5 2. Nf3 e6 3. Nc3 a6 4. d4 cxd4 5. Nxd4 b5 6. Bd3 Bb7 7. 0-0 d6 8. a3 Nd7 9. Be3 Ngf6 10. b4 Qc7 11. Qd2 Rc8 12. Nde2 Be7 13. f3 0-0 14. Bf2 Ne5 15. Rac1 Rfd8 16. Qe3 h6 17. Qb6 Qd7 18. Qd4 Nh5 19. Be1 Bf6 20. Qf2 Nc6 21. Kh1 d5 22. Rb1 d4 23. Nxb5 axb5 24. Bxb5 Qd6 25. Ng3 Bh4 26. Nf5 Bxf2 27. Nxd6 Rxd6 28. Bxf2 Ne5 29. Rbc1 Nc4 30. a4 e5 31. g3 Rf6 32. Kg2 Nd2 33. Bd7 Rc4 34. Rfd1 Nxf3 35. Bg4 Bxe4 36. Bxh5 Rxb4 37. a5 Rb2 38. a6 Ng5+ 0-1